| 000 | 00974nac a22002531u 4500 | ||
|---|---|---|---|
| 010 | _a2004062930 | ||
| 020 | _a0443074453 | ||
| 035 | _a(DNLM)101236760 | ||
| 082 | 0 | 0 |
_a615.1901 _bW3371 |
| 090 |
_c1623 _d1623 |
||
| 100 | _aWatson, David G., | ||
| 245 | 1 | 0 |
_aPharmaceutical analysis : _ba textbook for pharmacy students and pharmaceutical chemists / _cDavid G. Watson. |
| 250 | _a2nd ed. | ||
| 260 |
_aEdinburgh ; _aNew York : _bElsevier/Churchill Livingstone, _c2005. |
||
| 300 |
_axiii, 382 p. : _bill. ; _c25 cm. |
||
| 504 | _aIncludes bibliographical references and index. | ||
| 650 | 0 |
_aDrugs _xAnalysis. |
|
| 650 | 0 |
_aPharmaceutical Preparations _xanalysis. |
|
| 650 | 0 |
_aChromatography _xmethods. |
|
| 650 | 0 |
_aSpectrophotometry _xmethods. |
|
| 650 | 0 |
_aSpectrum Analysis _xmethods. |
|
| 942 |
_cBB _k615.1901W3371 |
||
| 999 |
_c1623 _d1623 |
||